LEADER 00856nam a2200241 i 4500 001 000000152284 003 CaOOAMICUS 005 20060801000000.0 008 060801s1980 it u000 u ita u 013 $a129625 040 $aSeMil$bita 100 1 $aLonganesi, Leo,$d<1905-1957>.$0(OLS)http://semarc/name/5666 245 10$aIn piedi e seduti /$cdi Leo Longanesi. 260 $aMilano :$bLonganesi & C.,$c1980. 300 $a193 p. ;$c21 cm. 500 $aFondo Ciprandi. 650 4$aFascismo - Storia.$0(OLS)http://semarc/subject/2457 850 $aSeMil 852 $aSeMil$W1$xVenegono$y1$m1D V 140$j104243$B104243$CSeMilBibl$Z2$F113280 $81 941 1 $a1 961 $aOmaggio: Ciprandi dott. Paolo 996 $6245$aIn piedi e seduti$9(OLS)http://semarc/title/222638 996 $6260$aMilano :$bLonganesi & C.$9(OLS)http://semarc/publisher/31590 LEADER 00893nam a2200193 i 4500 001 000000131912 003 CaOOAMICUS 005 20041126000000.0 008 041126n it u000 u ita u 013 $a104831 040 $aSeMil$bita 245 10$aQuestione agraria ; Problemi dell'economia e del lavoro ; Problemi della cultura. 300 $aCLXVII, 770 p., [1] c. di tav. 490 0 $aCollana di periodici italiani e stranieri ;$v1.[2] 773 0 $tCritica sociale.$dMilano : Feltrinelli, 1959.$kCollana di periodici italiani e stranieri$gVolume2$w()12318 830 0$aCollana di periodici italiani e stranieri ;$v1.[2].$0(OLS)http://semarc/title/10839 850 $aSeMil 852 $aSeMil$W1$xVenegono$y1$m209 1 10$j85846$B85846$CSeMilBibl$Z2$F89587 $81 996 $6245$aQuestione agraria ; Problemi dell'economia e del lavoro ; Problemi della cultura$9(OLS)http://semarc/title/193863